000 00991nam a2200277 i 4500
001 8398
003 KOSZ 005
005 20220715093251.0
008 990506s1969 pl d |000 0 fre
015 _aPB 1969/8204
035 _a(OCoLC)749511935
040 _aWA N
_cWA N
_dKOSZ 005/HR
041 0 _afre
_apol
100 1 _aKupisz, Kazimierz
_d(1921-2003).
_eAutor
245 1 0 _aPodręczny słownik polsko-francuski /
_cKazimierz Kupisz, Bolesław Kielski.
246 1 5 _aDictionaire pratique polonais-français.
260 _aWarszawa :
_bWiedza Powszechna,
_c1969.
300 _aXV, [1], 1075, [1] s. ;
_c19 cm.
380 _aKsiążki
658 _aJęzykoznawstwo
655 4 _aSłownik polsko-francuski
700 1 _aKielski, Bolesław
_d(1879-1965).
_eAutor
710 2 _aPaństwowe Wydawnictwo Wiedza Powszechna
_4pbl.
856 _uhttp://koha.tu.koszalin.pl/cgi-bin/koha/opac-detail.pl?biblionumber=8398
_yKatalog online BPK
942 _2UKD
_cKS
999 _c8398
_d8398